000 00287nam a22001337a 4500
008 170322b xxu||||| |||| 00| 0 eng d
020 _a9780323013215
041 _aeng
080 _25TH
_a616.8
100 _a7
101 _aSHM
245 _aTHE HUMAN BRAIN
_cNOLTE, J
942 _2udc
_cBK
999 _c8409
_d8409